|
|
|
|
| LEADER |
01228nam a2200241 u 4500 |
| 001 |
10036844 |
| 003 |
upatras |
| 005 |
20220513105844.0 |
| 008 |
000925s1998 gr gre |
| 040 |
|
|
|a GR-PaULI
|c GR-PaULI
|
| 041 |
0 |
|
|a gre
|
| 082 |
0 |
4 |
|a 711.409
|
| 245 |
1 |
0 |
|a Θεσσαλονίκη 1997. Πανελλήνιοι διαγωνισμοί αστικού σχεδιασμού
|c επιμέλεια Βίλμα Χαστάογλου
|
| 260 |
|
|
|a Θεσσαλονίκη
|b Οργανισμός Πολιτιστικής Πρωτεύουσας της Ευρώπης
|c 1998
|
| 300 |
|
|
|a 176 σ.
|b φωτ.
|c 32 εκ.
|
| 650 |
|
4 |
|a Πολεοδομία
|z Ελλάδα
|z Θεσσαλονίκη (Νομός)
|z Θεσσαλονίκη
|9 6694
|
| 650 |
|
4 |
|a Αρχιτεκτονική
|x Διαγωνισμοί
|9 7921
|
| 700 |
1 |
|
|a Χαστάογλου-Μαρτινίδη, Βίλμα
|4 edt
|9 8590
|
| 852 |
|
|
|a GR-PaULI
|b ΠΑΤΡΑ
|b ΑΡΧΙΤΕΚΤΟΝΙΚΗ
|k ΑΣΧΕ-2
|h 711.409 Χ
|m 000609
|p 025000088705
|t 1
|
| 942 |
|
|
|2 ddc
|c BK15
|
| 952 |
|
|
|0 0
|1 0
|4 0
|6 711_409000000000000_Χ
|7 0
|9 8505
|a ARCH
|b ARCH
|d 2016-04-24
|i 000609
|l 3
|o 711.409 Χ
|p 025000088705
|r 2020-01-13 00:00:00
|s 2019-12-12
|t 1
|w 2016-04-24
|y BK15
|
| 998 |
|
|
|c MANIAKH
|d 2000-09
|
| 999 |
|
|
|c 4386
|d 4386
|